| 000 | 01784nam a2200397 c 4500 | ||
|---|---|---|---|
| 003 | BLK | ||
| 005 | 20250119004112.0 | ||
| 008 | 180411b bul|||||r ||||||| ||bul|| | ||
| 010 | _aKNG00186560000 | ||
| 020 |
_a978-954-09-1009-3 _bиздат.: Захарий Стоянов |
||
| 040 | _aBLK | ||
| 041 |
_aBUL _cBUL |
||
| 072 | 7 |
_2bullib _aН92 _xИстория Н |
|
| 080 |
_aАприлско въстание (1876). Четата на Хр. Ботев _b94(497.2)"1876" _x _z94(497.2)"1876" |
||
| 100 | 1 |
_aКосев, Константин Димитров _eпърви автор _9363863 |
|
| 139 |
_aКосев, Константин Димитров _bК 86 |
||
| 245 | 1 | 0 |
_aАприлското въстание и възникването на Княжество България _cКонстантин Димитров Косев. |
| 257 | _aBGR | ||
| 260 |
_аСофия _bЗахарий Стоянов _c2016 _fСофия : ПК Д. Благоев |
||
| 300 |
_a224 с. _bс ил., к., факс. _c22 см |
||
| 380 | _a9 | ||
| 650 | 7 |
_aАприлско въстание, 1876 г. - история _2 _9147296 |
|
| 650 | 4 |
_aНационалноосвободително движение - България - история _9283316 |
|
| 650 | 0 |
_aБългария - история _9244493 |
|
| 651 | 4 |
_aБългария _9241624 |
|
| 653 | _aАприлско въстание | ||
| 653 | _aнационалноосвободителни движения | ||
| 653 | _aбългарска история | ||
| 659 | _aН | ||
| 852 | _aЦб 279571 | ||
| 856 | 4 |
_qpdf _u |
|
| 856 | 4 |
_qpdf _u |
|
| 942 |
_cKNG _n0 _02 |
||
| 944 |
_aCR _c17.02.2016 _lCRON CRON _k |
||
| 944 |
_aED _c17.12.2016 _lф / _kПенка_Димитрова |
||
| 999 |
_c177863 _d177863 |
||